| 000 | 00465nam a2200109Ia 4500 | ||
|---|---|---|---|
| 008 | 220216s9999 xx 000 0 und d | ||
| 100 | _aElton G V | ||
| 245 | 0 | _aCement bonded rubberwood panels used for low income housing and other applications | |
| 260 |
_bIn: Proceedings of the Global Forum on Investment Opportunities in the Indian Rubberwood Industry, 19-21 March 1996, Cochin, India, 1996, pp.185-190. _c1996 |
||
| 650 | _aCement bonded rubberwood | ||
| 942 | _cBO | ||
| 999 |
_c48201 _d48201 |
||